Masenka

Saved in:
Bibliographic Details
Main Author: Pahomav, A.
Other Authors: Abhayaweera, Sunil
Format: Book
Published: Moskav Pragati Prakasaka 19-
Tags: Add Tag
No Tags, Be the first to tag this record!

MARC

LEADER 00000nam a2200000 a 4500
082 |a 372.642 
100 |a Pahomav, A. 
245 |a Masenka 
260 |a Moskav  |b Pragati Prakasaka  |c 19- 
300 |a ill 28cm. 
700 |a Abhayaweera, Sunil 
942 |c AFW 
999 |c 140032  |d 140032